| 000 | 01031nam a2200277 a 4500 | ||
|---|---|---|---|
| 001 | BRL_1483 | ||
| 005 | 20190320211229.0 | ||
| 008 | 240114s1931----mx-o######---#000-0#spa-# | ||
| 041 | _aspa | ||
| 044 | _amx | ||
| 050 | 4 |
_aGT4214 _b.V39 1931 |
|
| 100 | 1 |
_aVázquez Santa Ana, Higinio _d1889-1962 _926579 |
|
| 245 | 1 | 0 |
_aEl Carnaval _cpor Higinio Vásquez Santana y J. Ignacio Dávila Garibi ; portada de Roberto Montenegro ; fotografías de Luis Márquez. |
| 260 |
_aMéxico _bTalleres Gráficos de la Nación _c1931 |
||
| 300 |
_a134 p. _bil., fotografías (blanco y negro) _c23 cm. |
||
| 440 | 0 |
_aMonografías históricas y folklóricas mexicanas _927058 |
|
| 500 | _aAu1768 | ||
| 500 | _aEstado físico: Pasta delantera desprendida. | ||
| 650 | 1 | 4 |
_aCarnaval _zMéxico _926940 |
| 650 | 1 | 4 |
_aFestivalales _zMéxico _927059 |
| 700 | 1 |
_aDávila Garibi, J. Ignacio _ecoaut. _927060 |
|
| 700 | 1 |
_aMárquez, Luis _d1899-1978 _eil. _927061 |
|
| 700 | 1 |
_aMontenegro, Roberto _d1887-1968 _eil. _98162 |
|
| 902 | _aGRL | ||
| 942 |
_2lcc _cB |
||
| 999 |
_c10293 _d10293 |
||